000 00535nam a2200193Ia 4500
005 20250923144909.0
008 008 250917s9999 xx 000 0 eng d
037 _aTextual
040 _aDSWL
_beng
_cDSWL
041 _aeng
_2eng
084 _qDSWL
245 0 _aCensus of India 1961, Vol. IX. Madras, Part XI, Physically Handicapped of Madras State
260 _aDelhi
_bThe Manager of Publications
_c1964
300 _aviii,100p.
365 _aINR
_b7.15
925 _g7.15
942 _cTEXL
999 _c1444726
_d1444726